| 000 | 01030 a2200229 4500 | ||
|---|---|---|---|
| 003 | Nust | ||
| 005 | 20220812155212.0 | ||
| 010 | _a 99030067 | ||
| 020 | _a0471988545 (cased : alk. paper) | ||
| 040 | _cNust | ||
| 082 | 0 | 0 | _a621.38152,MOU |
| 100 | 1 |
_aMouthaan, Ton J. _997037 |
|
| 245 | 1 | 0 |
_aSemiconductor devices explained : _busing active simulation / _cTon Mouthaan ; simulation software by Siborg Systems, Inc. |
| 260 |
_aChichester [England] ; _aNew York : _bJ. Wiley, _cc1999. |
||
| 300 |
_axx, 325 p. : _bill. ; _c25 cm. + _e1 computer disk (3 1/2 in.) |
||
| 505 | _aSemiconductor Physics (Page -21), Junctions Diodes (Page-109, Photonics Devices (Page-179), Bipolar Junction Transistors (Page-197), MOS Transistor (Page-255). | ||
| 650 | 0 | _aTelecommunication Engineering. | |
| 710 | 2 |
_aSiborg Systems Inc. _997038 |
|
| 856 | 4 | 2 |
_3Publisher description _uhttp://www.loc.gov/catdir/description/wiley031/99030067.html |
| 856 | 4 | 2 |
_3Table of Contents _uhttp://www.loc.gov/catdir/toc/onix01/99030067.html |
| 942 |
_cREF _2ddc |
||
| 999 |
_c178684 _d178684 |
||